Văn học Việt Nam ( 1945 - 1954 )

Wedi'i Gadw mewn:
Manylion Llyfryddiaeth
Prif Awdur: Mã, Giang Lân
Fformat: Llyfr
Iaith:Undetermined
Cyhoeddwyd: Hà Nội Giáo dục 2004
Pynciau:
Tagiau: Ychwanegu Tag
Dim Tagiau, Byddwch y cyntaf i dagio'r cofnod hwn!
Thư viện lưu trữ: Trung tâm Học liệu Trường Đại học Cần Thơ
LEADER 00553nam a2200205Ia 4500
001 CTU_96974
008 210402s9999 xx 000 0 und d
020 |c 15800 
082 |a 895.92209 
082 |b L121 
100 |a Mã, Giang Lân 
245 0 |a Văn học Việt Nam ( 1945 - 1954 ) 
245 0 |c Mã Giang Lân 
260 |a Hà Nội 
260 |b Giáo dục 
260 |c 2004 
650 |a Vietnamese literature 
650 |x History and criticism 
904 |i Minh 
980 |a Trung tâm Học liệu Trường Đại học Cần Thơ